000 00779nam a2200217Ia 4500
008 220216s9999 xx 000 0 und d
100 _aAnnamalainathan K
245 0 _aTapping induced changes in respiration rate, biochemical statusand ATP content in soft bark tissue of natural rubber plant
260 _bPLACROSYM XVIII. 10-13 December 2008, National Research Centre for Cashew, Puttur, Karnataka. Journal of Plantation Crops, 36 (3): 322-328.
_c2008
520 _aDL
650 _aAlternative respiration (AOX)
650 _aBiomass
650 _aHevea brasiliensis mitochondria
650 _aRespiration
650 _aTapped and untapped trees
700 _aAnumod M A
700 _aJacob J
700 _aKrishnakumar R
700 _aSreelatha S
942 _cJS
999 _c70227
_d70227